| 000 -LEADER |
| fixed length control field |
00867nam a22002657a 4500 |
| 005 - DATE AND TIME OF LATEST TRANSACTION |
| control field |
20230622090848.0 |
| 008 - FIXED-LENGTH DATA ELEMENTS--GENERAL INFORMATION |
| fixed length control field |
230622b ||||| |||| 00| 0 eng d |
| 020 ## - INTERNATIONAL STANDARD BOOK NUMBER |
| International Standard Book Number |
9780709717416 |
| 040 ## - CATALOGING SOURCE |
| Transcribing agency |
KH8 |
| 082 ## - DEWEY DECIMAL CLASSIFICATION NUMBER |
| Classification number |
823.9 DAV |
| 100 ## - MAIN ENTRY--PERSONAL NAME |
| Personal name |
Davies, Gill |
| Relator term |
Author |
| 245 ## - TITLE STATEMENT |
| Title |
Early readers : |
| Remainder of title |
Three playtime stories |
| Statement of responsibility, etc. |
Gill Davies |
| 260 ## - PUBLICATION, DISTRIBUTION, ETC. |
| Place of publication, distribution, etc. |
England, |
| Name of publisher, distributor, etc. |
Brown Watson, |
| Date of publication, distribution, etc. |
2006 |
| 300 ## - PHYSICAL DESCRIPTION |
| Extent |
29 pages : |
| Other physical details |
color illustrations ; |
| Dimensions |
23 cm. |
| 440 ## - SERIES STATEMENT/ADDED ENTRY--TITLE |
| Title |
Early readers |
| 500 ## - GENERAL NOTE |
| General note |
<br/>English fiction<br/>"Large print reading scheme"--Cover |
| 520 ## - SUMMARY, ETC. |
| Summary, etc. |
Contents:<br/>Slide and ride<br/>Mrs Bossy Bear<br/>Picnic party |
| 650 ## - SUBJECT ADDED ENTRY--TOPICAL TERM |
| Topical term or geographic name entry element |
Children's stories |
| Form subdivision |
Fiction |
| 650 ## - SUBJECT ADDED ENTRY--TOPICAL TERM |
| Topical term or geographic name entry element |
Readers |
| 650 ## - SUBJECT ADDED ENTRY--TOPICAL TERM |
| Topical term or geographic name entry element |
Readers |
| Form subdivision |
English |
| General subdivision |
fiction |
| 700 ## - ADDED ENTRY--PERSONAL NAME |
| Personal name |
Guile, Gill |
| Relator term |
Illustrator |
| 700 ## - ADDED ENTRY--PERSONAL NAME |
| Personal name |
Swift, Jane |
| Relator term |
Illustrator |
| 700 ## - ADDED ENTRY--PERSONAL NAME |
| Personal name |
Holmes, Stephen |
| Relator term |
Illustrator |
| 942 ## - ADDED ENTRY ELEMENTS (KOHA) |
| Source of classification or shelving scheme |
|
| Koha item type |
Books - Fiction |